Coping: theoretische Konzepte, Forschungsansätze, Messinstrumente zur Krankheitsbewältigung; mit 19 Tab.
| VerfasserInnen: | ; ; |
|---|---|
| Medienart: | Druck Buch |
| Sprache: | Deutsch |
| Veröffentlicht: |
Göttingen
Verl. für Medizin. Psychologie im Verl. Vandenhoeck & Ruprecht
1990
|
| In: |
Zeitschrift für psychosomatische Medizin und Psychoanalyse / Beiheft (13)
Jahr: 1990 |
| Online-Zugang: |
Inhaltsverzeichnis |
| Bestand in Tübingen: | In Tübingen vorhanden. IFK: N VI 136 |
| Verfügbarkeit prüfen: | HBZ Gateway |
| Subito Bestelldienst: | Jetzt bestellen. |
| Schlagwörter: |
MARC
| LEADER | 00000cam a2200000 c 4500 | ||
|---|---|---|---|
| 001 | 1650512139 | ||
| 003 | DE-627 | ||
| 005 | 20251129025940.0 | ||
| 007 | tu | ||
| 008 | 900418s1990 gw ||||| 00| ||ger c | ||
| 015 | |a 90,N07,0295 |2 dnb | ||
| 015 | |a 90,A19,0193 |2 dnb | ||
| 016 | 7 | |a 900307404 |2 DE-101 | |
| 020 | |a 3525452675 |9 3-525-45267-5 | ||
| 035 | |a (DE-627)1650512139 | ||
| 035 | |a (DE-576)020211864 | ||
| 035 | |a (DE-599)DNB900307404 | ||
| 040 | |a DE-627 |b ger |c DE-627 |e rakwb | ||
| 041 | |a ger | ||
| 044 | |c XA-DE | ||
| 084 | |a MED 865 |2 sfb | ||
| 084 | |a MED 860 |2 sfb | ||
| 084 | |a 11 |2 sdnb | ||
| 084 | |a CW 6760 |2 rvk |0 (DE-625)rvk/19192: | ||
| 084 | |a YH 8000 |2 rvk |0 (DE-625)rvk/153583:12905 | ||
| 084 | |a 77.84 |2 bkl | ||
| 100 | 1 | |a Rüger, Ulrich |d 1941- |0 (DE-588)172339774 |0 (DE-627)671243632 |0 (DE-576)351394834 |4 aut | |
| 109 | |a Rüger, Ulrich 1941- | ||
| 245 | 1 | 0 | |a Coping |b theoretische Konzepte, Forschungsansätze, Messinstrumente zur Krankheitsbewältigung; mit 19 Tab. |c Ulrich Rüger; Albert Franz Blomert; Wolfgang Förster. Unter Mitarb. von Gerhard Schüssler u. Eric Leibing |
| 264 | 1 | |a Göttingen |b Verl. für Medizin. Psychologie im Verl. Vandenhoeck & Ruprecht |c 1990 | |
| 300 | |a 295 S. |b graph. Darst. | ||
| 336 | |a Text |b txt |2 rdacontent | ||
| 337 | |a ohne Hilfsmittel zu benutzen |b n |2 rdamedia | ||
| 338 | |a Band |b nc |2 rdacarrier | ||
| 361 | 1 | |5 DE-32 |y 752512692 |s CW 6760 R919 |o Vorbesitz |a Vandenhoeck & Ruprecht |0 (DE-588)2024420-4 |0 (DE-627)102163758 |0 (DE-576)191770086 |f Stempel | |
| 490 | 1 | |a Zeitschrift für psychosomatische Medizin und Psychoanalyse |a Beiheft |v 13 | |
| 500 | |a Literaturangaben | ||
| 583 | 1 | |a Archivierung/Langzeitarchivierung gewährleistet |f PENI |x XA-DE-NI |2 pdager |5 DE-35 | |
| 650 | 0 | |a Stress, Psychological | |
| 650 | 0 | 7 | |0 (DE-588)4032844-2 |0 (DE-627)104493895 |0 (DE-576)208998896 |a Krankheit |2 gnd |
| 650 | 0 | 7 | |0 (DE-588)4195461-0 |0 (DE-627)104469560 |0 (DE-576)21010127X |a Bewältigung |2 gnd |
| 650 | 4 | |a Bewältigungsverhalten | |
| 650 | 4 | |a Krankheit | |
| 650 | 4 | |a Forschungsmethode | |
| 650 | 4 | |a Psychometrie | |
| 650 | 4 | |a Einstellungsmessung | |
| 689 | 0 | 0 | |d s |0 (DE-588)4032844-2 |0 (DE-627)104493895 |0 (DE-576)208998896 |a Krankheit |2 gnd |
| 689 | 0 | 1 | |d s |0 (DE-588)4195461-0 |0 (DE-627)104469560 |0 (DE-576)21010127X |a Bewältigung |2 gnd |
| 689 | 0 | |5 DE-101 | |
| 700 | 1 | |a Blomert, Albert Franz |0 (DE-627)1236431340 |0 (DE-576)166431346 |4 aut | |
| 700 | 1 | |a Förster, Wolfgang |0 (DE-627)1230973257 |0 (DE-576)160973252 |4 aut | |
| 830 | 0 | |a Zeitschrift für psychosomatische Medizin und Psychoanalyse / Beiheft |v 13 |9 13 |w (DE-627)129475947 |w (DE-576)014855364 |w (DE-600)203414-1 |x 0085-8412 |7 am | |
| 856 | 4 | 2 | |u http://d-nb.info/900307404/04 |m V:DE-605 |q application/pdf |3 Inhaltsverzeichnis |7 1 |
| 889 | |w (DE-627)321421620 | ||
| 889 | |w (DE-627)025349635 | ||
| 935 | |i mdedup | ||
| 936 | r | v | |a CW 6760 |b Kranke Menschen allgemein (Umgang mit kranken Menschen, Sozialmedizin ...) |k Psychologie |k Angewandte Psychologie |k Kranke Menschen allgemein (Umgang mit kranken Menschen, Sozialmedizin ...) |0 (DE-627)127147901X |0 (DE-625)rvk/19192: |0 (DE-576)20147901X |
| 936 | r | v | |a YH 8000 |b Allgemeines |k Medizin |k Psychiatrie, Medizinische Psychologie |k Spezielle Psychiatrie |k Psychotherapie |k Psychosomatik, Ganzheitsmedizin, Hypnose |k Allgemeines |0 (DE-627)1271487349 |0 (DE-625)rvk/153583:12905 |0 (DE-576)201487349 |
| 936 | b | k | |a 77.84 |j Krisenbewältigung |0 (DE-627)18157196X |
| 951 | |a BO | ||
| ELC | |b 1 | ||
| LOK | |0 000 xxxxxcx a22 zn 4500 | ||
| LOK | |0 001 3337161219 | ||
| LOK | |0 003 DE-627 | ||
| LOK | |0 004 1650512139 | ||
| LOK | |0 005 20140205092502 | ||
| LOK | |0 008 930210||||||||||||||||ger||||||| | ||
| LOK | |0 040 |a DE-21-110 |c DE-627 |d DE-21-110 | ||
| LOK | |0 689 |a s |a Coping | ||
| LOK | |0 689 |a s |a Bewältigungsforschung | ||
| LOK | |0 689 |a s |a Empirische Methoden | ||
| LOK | |0 689 |a s |a Bewältigungstheorien | ||
| LOK | |0 852 |a DE-21-110 | ||
| LOK | |0 852 1 |c N VI 136 |m p |9 00 | ||
| LOK | |0 935 |a k110 | ||
| LOK | |0 936ln |a 8.7.4 | ||
| LOK | |0 938 |k p | ||
| LOK | |0 939 |a 10-02-93 |b l01 | ||
| ORI | |a SA-MARC-krimdoka001.raw | ||
| SIG | |a IFK: N VI 136 | ||
